| 000 | 00462nam a2200169Ia 4500 | ||
|---|---|---|---|
| 999 |
_c11804 _d11804 |
||
| 003 | OSt | ||
| 005 | 20201116130953.0 | ||
| 008 | 190216s9999||||xx |||||||||||||| ||und|| | ||
| 040 | _coclc | ||
| 082 |
_a428.6 _bTHO/H |
||
| 100 |
_aThornley, G C _96293 |
||
| 245 | 4 |
_aThe Hand Of The Law / _cG C Thornley |
|
| 260 |
_bLongmans, _c1963. _aLondon: |
||
| 300 | _a96p | ||
| 650 | _aEnglish Drama | ||
| 942 |
_cBK _2ddc _h428.6 _iTHO/H _k428.6 _mTHO/H |
||